000 00430nam a2200181Ia 4500
008 230725s1983 xx 000 0 und d
041 _aeng
082 _a547
_bCAR
100 _aCARFTST,SEARS
245 _aCHEMISTRY FOR HELTH RELATED SCIENCE
260 _aLONDON
_bPRINCESS HALL
_c1983
300 _a540
365 _h10%
500 _aTEXT BOOK
501 _aPC
520 _aHB
650 _aPHARMACEUTICAL CHEMISTRY
999 _c767192
_d767192